| 000 | 02148nam a2200313 u 4500 | ||
|---|---|---|---|
| 001 | 000009106 | ||
| 003 | DO-SdBNP | ||
| 005 | 20251209122844.0 | ||
| 008 | 090928s2000 dr c 000 0 spa d | ||
| 020 | _a999348007X | ||
| 040 |
_aDO-SdBNP _bspa _cBNPHU |
||
| 082 | 4 |
_a324.77293 _bC957c _222 |
|
| 100 | 1 |
_a Cruz Infante, José A., _q(José Abigail) _92460 |
|
| 245 | 1 | 3 |
_aLa campaña de Hipólito / _cJosé Abigail Cruz Infante ; prólogo Darío Bencosme Báez. |
| 260 |
_aSanto Domingo : _bManatí, _c2000. |
||
| 300 |
_a148 p. : _bretrs. ; _c21 cm. |
||
| 505 | 0 |
_aPrólogo -- _tEl fenómeno Milagros: un caso para análisis -- _tLa agonía del momento -- _tQue hacer para perder unas elecciones -- _tEl ciudadano de a pie y la campaña electoral -- _tEl porqué de una actitud iracunda -- _tLa educación y la escuela que necesitamos -- _tUn documento oportuno: pacto político electoral panameño -- _tA confesión de parte... -- _tInternet, software y propiedad intelectual -- _tAcuse de recibo -- _tRumores y realidades de la campanña 2000 -- _tUna gran pregunta -- _t¡Ellos tomaron las ciudades! -- _t Detalles de una campaña electoral -- _tUn duro ataque a la candidatura de Danilo-- |
|
| 505 | 0 |
_tDel pichirri y otras sabrosuras -- _tAño nuevo: nuevos desafíos, nuevas esperanzas -- _tLos reclamos de Moca y el bien común -- _tCaminando con Hipólito en su campaña -- _tEl candidato y su propuesta de gobierno -- _tLa mujer en un gobierno de Hipólito Mejía -- _tUn tremendo candidato -- _tLos hechos de Moca y la primera vuelta -- _tUn duro ataque a la candidatura de Danilo-- _tPresidente electo ¿Y ahora?. |
|
| 590 | _aInventariado, 2019/MFF | ||
| 600 | 1 | 0 |
_aMejía, Hipólito, _d1941- _978920 |
| 650 | 1 | 0 |
_aCampaña electoral _zRepública Dominicana _y2000 _946157 |
| 650 | 1 | 4 |
_aPropaganda electoral _y2000 _923757 |
| 650 | 1 | 0 |
_aPresidentes _zRepública Dominicana _y2000 _984055 |
| 650 | 1 | 0 |
_aElecciones _zRepública Dominicana _y2000 _96411 |
| 651 | 1 | 4 |
_aRepública Dominicana _xPolítica y gobierno _y2000 _923759 |
| 700 | 1 | 2 |
_aBencosme Báez, Darío, _eprólogo _97058 |
| 910 | _aValidado. Control de calidad MFF | ||
| 942 |
_2ddc _cLBS1 |
||
| 999 |
_c8870 _d8870 |
||